| Tag |
First Indicator |
Second Indicator |
Subfields |
| LEADER |
00000cam a2200000 4500 |
| 001 |
in00003871908 |
| 005 |
20190415192151.0 |
| 006 |
m o d |
| 007 |
cr |n||||||||n |
| 008 |
800703s1788 enk|||| o 00| ||eng c |
| 035 |
|
|
|a (CU-RivES)T87233
|
| 035 |
|
|
|a (Uk-ES)006357559
|
| 035 |
|
|
|a (OCoLC)508785804
|
| 040 |
|
|
|a Uk-ES
|c Uk-ES
|d CU-RivES
|d CStRLIN
|d CU-RivES
|d Cengage Gale
|d UtOrBLW
|
| 050 |
|
4 |
|a BX5145
|b .C487 1788
|
| 110 |
2 |
|
|a Church of England.
|
| 240 |
1 |
0 |
|a Liturgies.
|p Book of common prayer
|
| 245 |
1 |
2 |
|a A book of common prayer, and administration of the sacrament; together with the Psalter or Psalms of David :
|b For the use of places of worship. With notes.
|
| 264 |
|
1 |
|a London :
|b [publisher not identified],
|c Printed in the year MDCCLXXXVIII. [1788]
|
| 300 |
|
|
|a 1 online resource ([Collation not provided])
|
| 336 |
|
|
|a text
|b txt
|2 rdacontent
|
| 337 |
|
|
|a computer
|b c
|2 rdamedia
|
| 338 |
|
|
|a online resource
|b cr
|2 rdacarrier
|
| 500 |
|
|
|a Final leaf = S12.
|
| 500 |
|
|
|a An unauthorised edition, with nothing after the Communion service except the Psalter.
|
| 510 |
4 |
|
|a English Short Title Catalog,
|c T87233.
|
| 500 |
|
|
|a Reproduction of original from British Library.
|
| 500 |
|
|
|a Electronic resource.
|
| 630 |
0 |
0 |
|a Bible.
|p Psalms
|x Paraphrases, English.
|
| 655 |
|
7 |
|a Electronic books.
|2 local
|
| 710 |
2 |
|
|a Gale (Firm)
|0 http://id.loc.gov/authorities/names/no2008071348
|
| 752 |
|
|
|a Great Britain
|b England
|d London.
|
| 856 |
4 |
0 |
|u http://proxy.library.tamu.edu/login?url=http://find.galegroup.com/ecco/infomark.do?contentSet=ECCOArticles&docType=ECCOArticles&bookId=1393100300&type=getFullCitation&tabID=T001&prodId=ECCO&docLevel=TEXT_GRAPHICS&version=1.0&source=library&userGroupName=txshracd2898
|z Connect to the full text of this electronic book
|t 0
|
| 999 |
f |
f |
|s 394404e3-387b-3930-ac4d-e61c35f26de1
|i 55ac940d-deb4-3d21-b2b8-66729edcde1d
|t 0
|
| 952 |
f |
f |
|a Texas A&M University
|b College Station
|c Electronic Resources
|d Available Online
|t 0
|e BX5145 .C487 1788
|h Library of Congress classification
|
| 998 |
f |
f |
|a BX5145 .C487 1788
|t 0
|l Available Online
|